| 000 | 00934nmm a2200277 a 4500 | ||
|---|---|---|---|
| 001 | ocm000587278 | ||
| 003 | TR-IsHL | ||
| 005 | 20201028122537.0 | ||
| 008 | 131028s2011 tu tur | ||
| 007 | cr cn | ||
| 020 | _a9786054259601 | ||
| 035 |
_a587278 _b(N$T) |
||
| 050 | 0 | 4 |
_aG70.212 _bG86 2011 |
| 090 | 0 | 4 |
_aG70.212 _bG86 2011 |
| 100 | 1 | _aGündoğdu, Ceren Erdin | |
| 245 | 1 | 0 |
_aGIS tabanlı karar verme _h[electronic resource] / _cCeren Erdin Gündoğdu |
| 250 | _a1. bs. | ||
| 260 |
_aİstanbul : _bTürkmen Kitabevi, _c2011 |
||
| 300 | _a202 p. | ||
| 650 | 4 | _aİşletme ve Yönetim | |
| 650 | 4 | _aBusiness and Management | |
| 650 | 0 | _aCoğrafi bilgi sistemleri | |
| 650 | 0 | _aGeographic information systems | |
| 650 | 7 |
_aTECHNOLOGY & ENGINEERING / Remote Sensing & Geographic Information Systems _2bisacsh |
|
| 856 | 4 | 0 | _uhttp://search.ebscohost.com/login.aspx?direct=true&scope=site&db=e011xww&AN=587278 |
| 999 |
_c1924 _d1924 |
||